| 000 | 00744nam a22002177a 4500 | ||
|---|---|---|---|
| 003 | 0 | ||
| 005 | 20240212150156.0 | ||
| 008 | 240212b xxu||||| |||| 00| 0 eng d | ||
| 020 | _a978-1-3986-0616-6 | ||
| 050 |
_aHF 5719 _b.F67 2022 |
||
| 100 | _aFielding, Paul J. | ||
| 245 |
_aHow to manage projects :essential project management skills to deliver on-time, on-budget results _cPaul J. Fielding |
||
| 250 | _a2nd edition | ||
| 260 |
_aLondon, United Kingdom _bKogan Page _cc2022. |
||
| 300 |
_avii, 144 pages ; _c22 cm. |
||
| 504 | _aIncludes bibliographical references, index, and glossary. | ||
| 650 | _aBusiness report writing. | ||
| 650 | _aProposal writing in business. | ||
| 650 | _aBusiness writing. | ||
| 942 |
_2lcc _cBK |
||
| 999 |
_c365911 _d365911 |
||